书目信息

书名: 国际贸易实务教程 
作者: 李涛
出版信息: 上海   立信会计出版社  2019.6
开本页数: 24cm  205页
丛书名:
单 册:
中图分类: F740
科图分类:
主题词: 国际贸易--guo ji mao yi--贸易实务--教材
电子资源:
ISBN: 978-7-5429-6146-4
000 00921nam0 2200241 450
001 012023000014
005 20190629145125.1
010    @a978-7-5429-6146-4@dCNY39.00
100    @a20190628d2019 em y0chiy50 ea
101 @achi
102    @aCN@b310000
105    @aak a 000yy
106    @ar
200 @a国际贸易实务教程@Aguo ji mao yi shi wu jiao cheng@f李涛等编
210    @a上海@c立信会计出版社@d2019.6
215    @a205页@c图@d24cm
320    @a有书目 (第205页)
330    @a随着国际贸易的发展和变化, 有关的法律和惯例也需作必要的修订和补充。本书根据十余年的国际贸易培训经验和总结, 对国际贸易实务的各知识点进行了全新的构架和梳理, 更加重视国际贸易理论与实务的结合, 更加倾向于国际贸易实践的指导, 适合学校和企业培训。
606 @a国际贸易@Aguo ji mao yi@x贸易实务@j教材
690    @aF740@v5
701  0 @a李涛@Ali tao@4编
801  0 @aCN@bCDNYKJZYXY@c20190628
905    @aCDNYKJZYXY@b300694933-5@dF740@e150@f3
    
    国际贸易实务教程/李涛等编.-上海:立信会计出版社,2019.6
    205页:图;24cm
    
    
    ISBN 978-7-5429-6146-4:CNY39.00
    随着国际贸易的发展和变化, 有关的法律和惯例也需作必要的修订和补充。本书根据十余年的国际贸易培训经验和总结, 对国际贸易实务的各知识点进行了全新的构架和梳理, 更加重视国际贸易理论与实务的结合, 更加倾向于国际贸易实践的指导, 适合学校和企业培训。
相关链接 在五车中查询图书 在当当中查询图书 在豆瓣中查询图书


正题名:国际贸易实务教程     索取号:F740/150         预约/预借

序号 登录号 条形码 馆藏地/架位号 状态 备注
1 694933   300694933   柳城-5楼/20架12列6层/ [索取号:F740/150] 在馆    
2 694934   300694934   柳城-5楼/20架12列6层/ [索取号:F740/150] 在馆    
3 694935   300694935   柳城-5楼/20架12列6层/ [索取号:F740/150] 在馆